Weakest Passports - Statistics

General Stats
  • This quiz has been taken 197 times
  • The average score is 14 of 20
Answer Stats
# Continent Country % Correct
12 Asia Iran
90%
7 Asia Iraq
89%
5 Asia Afghanistan
87%
9 Asia Syria
86%
11 Asia North Korea
84%
14 Africa D.R. Congo
80%
11 Asia Yemen
80%
9 Africa Somalia
76%
8 Asia Pakistan
75%
14 Africa South Sudan
73%
9 Africa Sudan
73%
15 Africa Rep. Congo
72%
11 Africa Eritrea
63%
13 Africa Libya
62%
10 Africa Ethiopia
59%
14 Europe Kosovo
59%
15 Asia Myanmar
55%
14 Africa Djibouti
53%
13 Asia Nepal
50%
14 Asia Palestine
49%
No matching quizzes found
Score Distribution
Percent of People with Each Score
Percentile by Number Answered
Your Score History
You have not taken this quiz